000
00371nam a22001337a 4500
020
_a
9787508537429
082
_a
895.14508
100
_a
Li, Chaoquan
245
_a
Mu Mengjie and his school for the blind
_c
Li, Chaoquan
260
_a
China
_b
Intercontinental Press
_c
2019
300
_a
193p
942
_2
ddc
_c
BK
999
_c
586582
_d
586582